Expert Systems (Record no. 8463)
[ view plain ]
| 000 -LEADER | |
|---|---|
| fixed length control field | 00318nam a22001217a 4500 |
| 008 - FIXED-LENGTH DATA ELEMENTS--GENERAL INFORMATION | |
| fixed length control field | 200219b ||||| |||| 00| 0 eng d |
| 020 ## - INTERNATIONAL STANDARD BOOK NUMBER | |
| International Standard Book Number | 9789350140277 |
| 082 ## - | |
| Classification number | 066.33 SHE |
| 100 ## - MAIN ENTRY--PERSONAL NAME | |
| Personal name | SHARMA, Pankaj |
| 245 ## - TITLE STATEMENT | |
| Title | Expert Systems |
| Medium | English |
| Name of part/section of a work | 300 pages |
| 250 ## - EDITION STATEMENT | |
| Edition statement | 2th |
| Remainder of edition statement | 2012 |
| 260 ## - PUBLICATION, DISTRIBUTION, ETC. (IMPRINT) | |
| Place of publication, distribution, etc | New Delhi |
| Name of publisher, distributor, etc | S.K. Kataria & Sons |
| Withdrawn status | Lost status | Source of classification or shelving scheme | Damaged status | Koha normalized classification for sorting | Not for loan | Koha collection | Location (home branch) | Sublocation or collection (holding branch) | Date acquired | Source of acquisition | Currency | Cost, normal purchase price | Bill Number | Koha issues (times borrowed) | Koha full call number | Piece designation (barcode) | Koha date last seen | Actual Cost, discounted price | Bill Date | Koha item type |
|---|---|---|---|---|---|---|---|---|---|---|---|---|---|---|---|---|---|---|---|---|
| Dewey Decimal Classification | 066_330000000000000_SHE | B.Tech(CSE) | PIET C-LIBRARY | PIET C-LIBRARY | 19/02/2020 | KIRTI PRAKASHAN NEW DELHI | IN Rupees | 195.00 | IN5960 | 066.33 SHE | 31639 | 19/02/2020 | 140.40 | 03/01/2020 | Reference Books |